Famous Westerns - Statistics

General Stats
  • This quiz has been taken 58 times
  • The average score is 8 of 16
Answer Stats
Year Clue Answer % Correct
1966 A bounty hunter, an outlaw and a mercenary The Good, the Bad and the Ugly
83%
2012 The adventures of a former slave and German bounty hunter Django: Unchained
79%
1969 A girl hires a US Marshal to hunt down her father's killer True Grit
77%
1960 Seven men plan to save a town in Mexico The Magnificent Seven
69%
1969 Two outlaws flee to Bolivia Butch Cassidy and the Sundance Kid
67%
2011 A chameleon has an identity crisis Rango
58%
1993 Three brothers and their friend with TB Tombstone
58%
1974 An African-American Sheriff becomes the enemy of the man who appointed him Blazing Saddles
48%
1957 A prisoner escort goes wrong 3:10 to Yuma
42%
1976 A Missouri Confederate farmer turns outlaw The Outlaw Josey Wales
38%
1939 The adventures of people travelling to Lordsburg Stagecoach
33%
1968 A railroad tycoon hires a cruel mercenary to kill a man who owns prime estate Once Upon a Time in the West
31%
2011 A small town is attacked by aliens Cowboys vs Aliens
29%
2007 A man kills his idol after growing resentful The Assassination of Jesse James by the Coward Robert Ford
25%
1995 A ruthless outlaw Mayor kills his "son" in a gunfight The Quick and the Dead
25%
2016 Two men turn bank robbers try to pay off their mortgage Hell or High Water
17%
No matching quizzes found
Score Distribution
Percent of People with Each Score
Percentile by Number Answered
Your Score History
You have not taken this quiz